<?xml version="1.0" encoding="UTF-8"?>
<record
    xmlns:xsi="http://www.w3.org/2001/XMLSchema-instance"
    xsi:schemaLocation="http://www.loc.gov/MARC21/slim http://www.loc.gov/standards/marcxml/schema/MARC21slim.xsd"
    xmlns="http://www.loc.gov/MARC21/slim">

  <leader>01441nam a2200265 a 4500</leader>
  <controlfield tag="001">84698</controlfield>
  <controlfield tag="003">BD-RjUL</controlfield>
  <controlfield tag="005">20250217121154.0</controlfield>
  <controlfield tag="008">250217s2024    bg ||||| |||| 00| 0 ben d</controlfield>
  <datafield tag="020" ind1=" " ind2=" ">
    <subfield code="a">9789843569301:</subfield>
    <subfield code="c">Tk. 650.00</subfield>
  </datafield>
  <datafield tag="035" ind1=" " ind2=" ">
    <subfield code="a">(BD-RjUL)84698</subfield>
  </datafield>
  <datafield tag="040" ind1=" " ind2=" ">
    <subfield code="a">BD-RjUL</subfield>
    <subfield code="b">eng</subfield>
    <subfield code="c">BD-RjUL</subfield>
  </datafield>
  <datafield tag="041" ind1=" " ind2=" ">
    <subfield code="a">ben</subfield>
  </datafield>
  <datafield tag="041" ind1=" " ind2=" ">
    <subfield code="a">per</subfield>
  </datafield>
  <datafield tag="082" ind1=" " ind2=" ">
    <subfield code="2">23</subfield>
    <subfield code="a">954.922</subfield>
    <subfield code="b">QAT 2024</subfield>
  </datafield>
  <datafield tag="100" ind1=" " ind2=" ">
    <subfield code="a">&#x995;&#x9BE;&#x9AF;&#x9AD;&#x9BF;&#x9A8;&#x9BF;, &#x9B8;&#x9C8;&#x9AF;&#x9BC;&#x9A6; &#x986;&#x9B2;&#x9BF; &#x986;&#x9B2; &#x9B9;&#x9CB;&#x9B8;&#x9BE;&#x987;&#x9A8;&#x9BF; &#x986;&#x9B2; </subfield>
    <subfield code="9">15020</subfield>
  </datafield>
  <datafield tag="245" ind1=" " ind2=" ">
    <subfield code="a">&#x9A4;&#x9BE;&#x9B0;&#x9BF;&#x996;&#x9C7; &#x99C;&#x9BE;&#x9B9;&#x9BE;&#x999;&#x9CD;&#x997;&#x9BF;&#x9B0; &#x9A8;&#x997;&#x9B0; &#x993;&#x9B0;&#x9AB;&#x9C7; &#x9A2;&#x9BE;&#x995;&#x9BE; / </subfield>
    <subfield code="c">&#x9B8;&#x9C8;&#x9AF;&#x9BC;&#x9A6; &#x986;&#x9B2;&#x9BF; &#x986;&#x9B2; &#x9B9;&#x9CB;&#x9B8;&#x9BE;&#x987;&#x9A8;&#x9BF; &#x986;&#x9B2; &#x995;&#x9BE;&#x9AF;&#x9AD;&#x9BF;&#x9A8;&#x9BF;; &#x9AD;&#x9C2;&#x9AE;&#x9BF;&#x995;&#x9BE;, &#x99F;&#x9C0;&#x995;&#x9BE;&#x9AD;&#x9BE;&#x9B7;&#x9CD;&#x9AF; &#x993; &#x9B8;&#x9AE;&#x9CD;&#x9AA;&#x9BE;&#x9A6;&#x9A8;&#x9BE; &#x9AE;&#x9CB;. &#x986;&#x9AC;&#x9C1;&#x9B2; &#x995;&#x9BE;&#x9B2;&#x9BE;&#x9AE; &#x9B8;&#x9B0;&#x995;&#x9BE;&#x9B0;; &#x9B8;&#x9B9;&#x9AF;&#x9CB;&#x997;&#x9BF;&#x9A4;&#x9BE;&#x9AF;&#x9BC; &#x9AE;&#x9C1;&#x9B9;&#x9BE;&#x9AE;&#x9CD;&#x9AE;&#x9A6; &#x995;&#x9BE;&#x99C;&#x9C7;&#x9AE; &#x995;&#x9BE;&#x9B9;&#x9A6;&#x9C2;&#x9AF;&#x9BC;&#x9BF; </subfield>
  </datafield>
  <datafield tag="260" ind1=" " ind2=" ">
    <subfield code="a">&#x9A2;&#x9BE;&#x995;&#x9BE; : </subfield>
    <subfield code="b">&#x9A2;&#x9BE;&#x995;&#x9BE; &#x9AC;&#x9BF;&#x9B6;&#x9CD;&#x9AC;&#x9AC;&#x9BF;&#x9A6;&#x9CD;&#x9AF;&#x9BE;&#x9B2;&#x9AF;&#x9BC; &#x995;&#x9C7;&#x9A8;&#x9CD;&#x9A6;&#x9CD;&#x9B0;&#x9C0;&#x9AF;&#x9BC; &#x997;&#x9CD;&#x9B0;&#x9A8;&#x9CD;&#x9A5;&#x9BE;&#x9B0;,</subfield>
    <subfield code="c">&#x9E8;&#x9E6;&#x9E8;&#x9EA;</subfield>
  </datafield>
  <datafield tag="300" ind1=" " ind2=" ">
    <subfield code="a">&#x9E7;&#x9EB;&#x9E6; &#x9AA;&#x9C3;.; </subfield>
    <subfield code="c">&#x9E8;&#x9E9; &#x9B8;&#x9C7;&#x9AE;&#x9BF;.</subfield>
  </datafield>
  <datafield tag="650" ind1=" " ind2=" ">
    <subfield code="a">&#x9A2;&#x9BE;&#x995;&#x9BE; </subfield>
    <subfield code="x">&#x987;&#x9A4;&#x9BF;&#x9B9;&#x9BE;&#x9B8; &#x993; &#x9B8;&#x9AE;&#x9BE;&#x9B2;&#x9CB;&#x99A;&#x9A8;&#x9BE;</subfield>
    <subfield code="9">15021</subfield>
  </datafield>
  <datafield tag="650" ind1=" " ind2=" ">
    <subfield code="a">Dhaka </subfield>
    <subfield code="x">History and Criticism</subfield>
    <subfield code="9">15022</subfield>
  </datafield>
  <datafield tag="700" ind1=" " ind2=" ">
    <subfield code="a">&#x9B8;&#x9B0;&#x995;&#x9BE;&#x9B0;, &#x9AE;&#x9CB;. &#x986;&#x9AC;&#x9C1;&#x9B2; &#x995;&#x9BE;&#x9B2;&#x9BE;&#x9AE; </subfield>
    <subfield code="9">15023</subfield>
  </datafield>
  <datafield tag="700" ind1=" " ind2=" ">
    <subfield code="a">&#x995;&#x9BE;&#x9B9;&#x9A6;&#x9C2;&#x9AF;&#x9BC;&#x9BF;, &#x9AE;&#x9C1;&#x9B9;&#x9BE;&#x9AE;&#x9CD;&#x9AE;&#x9A6; &#x995;&#x9BE;&#x99C;&#x9C7;&#x9AE; </subfield>
    <subfield code="9">15024</subfield>
  </datafield>
  <datafield tag="942" ind1=" " ind2=" ">
    <subfield code="2">ddc</subfield>
    <subfield code="c">BK</subfield>
  </datafield>
  <datafield tag="999" ind1=" " ind2=" ">
    <subfield code="c">84698</subfield>
    <subfield code="d">84698</subfield>
  </datafield>
  <datafield tag="952" ind1=" " ind2=" ">
    <subfield code="0">0</subfield>
    <subfield code="1">0</subfield>
    <subfield code="2">ddc</subfield>
    <subfield code="4">0</subfield>
    <subfield code="7">1</subfield>
    <subfield code="8">NFIC</subfield>
    <subfield code="a">RUCL</subfield>
    <subfield code="b">RUCL</subfield>
    <subfield code="c">Reading</subfield>
    <subfield code="d">2025-02-13</subfield>
    <subfield code="e">Author</subfield>
    <subfield code="l">0</subfield>
    <subfield code="o">B 954.922 QAT 2024</subfield>
    <subfield code="r">2025-02-17 00:00:00</subfield>
    <subfield code="t">C-1</subfield>
    <subfield code="w">2025-02-17</subfield>
    <subfield code="y">BK</subfield>
  </datafield>
</record>
